Information retrieval / (Record no. 123474)
[ view plain ]
| 000 -LEADER | |
|---|---|
| fixed length control field | 00746nam a22002297a 4500 |
| 005 - DATE AND TIME OF LATEST TRANSACTION | |
| control field | 20170124105926.0 |
| 010 ## - LIBRARY OF CONGRESS CONTROL NUMBER | |
| LC control number | B-194389 |
| 020 ## - INTERNATIONAL STANDARD BOOK NUMBER | |
| Terms of availability | 695.00 |
| International Standard Book Number | 9788189526719 |
| 035 ## - SYSTEM CONTROL NUMBER | |
| System control number | B-194389 |
| 037 ## - SOURCE OF ACQUISITION | |
| Source of stock number/acquisition | Cen Lib/Ret |
| 040 ## - CATALOGING SOURCE | |
| Original cataloging agency | DPL |
| Language of cataloging | EN |
| 082 ## - DEWEY DECIMAL CLASSIFICATION NUMBER | |
| Classification number | 025.524 |
| Item number | GOY |
| 100 ## - MAIN ENTRY--PERSONAL NAME | |
| Personal name | Goyal, P. K. |
| 9 (RLIN) | 6327 |
| 245 ## - TITLE STATEMENT | |
| Title | Information retrieval / |
| Statement of responsibility, etc | by P. K. Goyal |
| 260 ## - PUBLICATION, DISTRIBUTION, ETC. (IMPRINT) | |
| Place of publication, distribution, etc | Delhi |
| Name of publisher, distributor, etc | Vista International Publishing House |
| Date of publication, distribution, etc | 2005 |
| 270 ## - ADDRESS | |
| City | Delhi |
| Address | V-196, Near Shiv Sadhna Mandir, C-11, Yamuna Vihar |
| Postal code | 110053 |
| 300 ## - PHYSICAL DESCRIPTION | |
| Extent | vi,290p. |
| Dimensions | 21cm(Hb) |
| 500 ## - GENERAL NOTE | |
| General note | Includes index |
| 650 ## - SUBJECT ADDED ENTRY--TOPICAL TERM | |
| Topical term or geographic name as entry element | Information retrieval--Periodicals |
| 9 (RLIN) | 6328 |
| 650 ## - SUBJECT ADDED ENTRY--TOPICAL TERM | |
| Topical term or geographic name as entry element | Text processing (Computer science)--Periodicals |
| 9 (RLIN) | 6329 |
| 942 ## - ADDED ENTRY ELEMENTS (KOHA) | |
| Source of classification or shelving scheme | Dewey Decimal Classification |
| Koha item type | English Books |
| Classification part | 025.524 |
| Call number suffix | GOY |
| Withdrawn status | Lost status | Damaged status | Not for loan | Collection code | Home library | Current library | Date acquired | Source of acquisition | Cost, normal purchase price | Total Checkouts | Full call number | Barcode | Date last seen | Copy number | Cost, replacement price | Price effective from | Koha item type | Total Renewals | Date checked out |
|---|---|---|---|---|---|---|---|---|---|---|---|---|---|---|---|---|---|---|---|
| Not For Loan | Reference | Central Library | Central Library | 06/06/2015 | Cen Lib/Ret | 695.00 | 025.524 GOY | B-194389 | 06/06/2015 | 1 | 695.00 | 06/06/2015 | English Books | ||||||
| Central Library | Central Library | 23/07/2015 | Cen Lib/Ret | 695.00 | 2 | 025.524 GOY | B-194388 | 23/01/2019 | 1 | 695.00 | 23/07/2015 | English Books | 1 | 04/01/2019 |
